| 000 | 00808nam a22002177a 4500 | ||
|---|---|---|---|
| 999 |
_c5732 _d5732 |
||
| 003 | AR-CdUCM | ||
| 008 | 190313b ||||| |||| 00| 0 spa d | ||
| 040 |
_aMUNICIPALIDAD PROVINCIAL DEL CUSCO _cBIBLIOTECA MUNICIPAL DEL CUSCO |
||
| 082 |
_a304 / _bM42 |
||
| 100 |
_aMendoza Huerta, Juan H. _917063 |
||
| 245 |
_aEl azote social del alcoholismo : _bcausas, consecuencias y tratamientos del alcoholismo / |
||
| 260 |
_aArequipa : _c1985. |
||
| 300 |
_a107 páginas ; _c21 cm. |
||
| 505 | _aContenido: Enfoque social del Alcoholismo -- Alcohólicos anónimos -- Cartas de un alcohólico. | ||
| 650 |
_aConsecuencias y complicaciones _917064 |
||
| 650 |
_aAlcohólicos _917065 |
||
| 650 |
_aEl alcohol y las drogas _917066 |
||
| 700 |
_aFrancisco F. (coautor) _917067 |
||
| 942 |
_2ddc _cLIBROS |
||
| 945 | _aachl | ||